000 00973nam0a22002531 4500
001 rc\3035389
005 20250806201757.0
035 _a(NLR Aleph) 007176041
090 _a17822
_c17822
100 _a20111004d1941 u y0rusy50 ca
101 0 _arus
102 _aRU
105 _aba z |||||
200 1 _aВойсковой тыл в особых условиях
_eУчеб. пособие
_fкомбриг В.И. Терехов
_gКраснознам. и ордена Ленина воен. акад. Кр. Армии им. М.В. Фрунзе
210 _aМосква
_cКафедра тыла
_d1941
215 _a58 с., 1 вкл. л. карт.
_cсхем., карт.
_d21 см
700 1 _aТерехов
_bВ.И.
_gВиктор Иванович
801 0 _aRU
_bNLR
_gpsbo
801 1 _aRU
_bELAR
_2rusmarc
852 _aNLR
_jВ40 Г-4/25
942 _cBOOK
945 _aРоссийская национальная библиотека
980 _aNB
980 _aBV